The happiness trap pocketbook stop struggling,start living : (Record no. 102167)

MARC details
000 -LEADER
fixed length control field 01108nam a22002657a 4500
005 - DATE AND TIME OF LATEST TRANSACTION
control field 20170731161315.0
010 ## - LCCN (DPL NO)
LC control number 1617EN ENG-117314
020 ## - INTERNATIONAL STANDARD BOOK NUMBER
International Standard Book Number 9789382616771
Terms of availability 199.00
020 ## - INTERNATIONAL STANDARD BOOK NUMBER
International Standard Book Number 9789382616764
Terms of availability 300.00 (AV)
035 ## - SYSTEM CONTROL NUMBER
System control number B-648979-990
035 ## - SYSTEM CONTROL NUMBER
System control number EN-100846
035 ## - SYSTEM CONTROL NUMBER
System control number B-667306
037 ## - SOURCE OF ACQUISITION
Stock number dpl
Source of stock number/acquisition Aakar
037 ## - SOURCE OF ACQUISITION
Source of stock number/acquisition DBAD/PUB
082 ## - DEWEY DECIMAL CLASSIFICATION NUMBER
Classification number 158.1
100 ## - MAIN ENTRY--PERSONAL NAME
Personal name Harris, Russ
245 ## - TITLE STATEMENT
Title The happiness trap pocketbook stop struggling,start living :
Statement of responsibility, etc by Russ Harris [and] Bev Aisbett
Remainder of title an illustrated guide /
260 ## - PUBLICATION, DISTRIBUTION, ETC. (IMPRINT)
Place of publication, distribution, etc New Delhi
Name of publisher, distributor, etc Pan Macmillan
Date of publication, distribution, etc 2016
270 ## - ADDRESS
Address 707 Kailash Building ,26, K.G.Marg
City New Delhi
Postal code 110001
300 ## - PHYSICAL DESCRIPTION
Extent viii,158p.
Dimensions 21cm(pbk]
700 ## - ADDED ENTRY--PERSONAL NAME
Personal name Aisbett, Bev
942 ## - ADDED ENTRY ELEMENTS (KOHA)
Source of classification or shelving scheme Dewey Decimal Classification
Item type English Books
Classification part 158.1
Call number suffix RUS
Holdings
Withdrawn status Lost status Not for loan Collection code Home library Current library Date acquired Source of acquisition Cost, normal purchase price Full call number Barcode Copy number Cost, replacement price Koha item type
      Non-fiction Ashok Vihar Ashok Vihar 31/07/2017 BPPD/EN/2016-17/AV/16-17/451/15.2.2017/I-3323/1.3.2017/ 17.3.2017 300.00 158.1 RUS B-667306 1 300.00 English Books
    Not For Loan Non-fiction D.B.Act.Division Bawana 23/02/2017 DBAD/PUB 199.00 158.1 RUS EN-100846 1 199.00 English Books
      Non-fiction Bawana Bawana 01/03/2017 BPPD/EN/2016-17/285/24.11.2016/I-2562/3.12.2016/2.1.2017 199.00 158.1 RUS B-648983 1 199.00 English Books
      Non-fiction Bawana Bawana 01/03/2017 BPPD/EN/2016-17/285/24.11.2016/I-2562/3.12.2016/2.1.2017 199.00 158.1 RUS B-648985 1 199.00 English Books
      Non-fiction Central Library Central Library 01/03/2017 BPPD/EN/2016-17/285/24.11.2016/I-2562/3.12.2016/2.1.2017 199.00 158.1 RUS B-648979 1 199.00 English Books
      Non-fiction Narela Narela 01/03/2017 BPPD/EN/2016-17/285/24.11.2016/I-2562/3.12.2016/2.1.2017 199.00 158.1 RUS B-648984 1 199.00 English Books
      Non-fiction New Police Line New Police Line 01/03/2017 BPPD/EN/2016-17/285/24.11.2016/I-2562/3.12.2016/2.1.2017 199.00 158.1 RUS B-648980 1 199.00 English Books
      Non-fiction Patel Nagar Patel Nagar 01/03/2017 BPPD/EN/2016-17/285/24.11.2016/I-2562/3.12.2016/2.1.2017 199.00 158.1 RUS B-648981 1 199.00 English Books
      Non-fiction R.C.Libraries (BL-IV) R.C.Libraries (BL-IV) 01/03/2017 BPPD/EN/2016-17/285/24.11.2016/I-2562/3.12.2016/2.1.2017 199.00 158.1 RUS B-648988 3 199.00 English Books
      Non-fiction R.C.Libraries (BL-IV) R.C.Libraries (BL-IV) 01/03/2017 BPPD/EN/2016-17/285/24.11.2016/I-2562/3.12.2016/2.1.2017 199.00 158.1 RUS B-648989 3 199.00 English Books
      Non-fiction R.C.Libraries (BL-IV) R.C.Libraries (BL-IV) 01/03/2017 BPPD/EN/2016-17/285/24.11.2016/I-2562/3.12.2016/2.1.2017 199.00 158.1 RUS B-648990 3 199.00 English Books
      Non-fiction Sarojini Nagar Sarojini Nagar 01/03/2017 BPPD/EN/2016-17/285/24.11.2016/I-2562/3.12.2016/2.1.2017 199.00 158.1 RUS B-648982 1 199.00 English Books
      Non-fiction Shahdara Branch Shahdara Branch 01/03/2017 BPPD/EN/2016-17/285/24.11.2016/I-2562/3.12.2016/2.1.2017 199.00 158.1 RUS B-648986 1 199.00 English Books
      Non-fiction Yojana Vihar Yojana Vihar 01/03/2017 BPPD/EN/2016-17/285/24.11.2016/I-2562/3.12.2016/2.1.2017 199.00 158.1 RUS B-648987 1 199.00 English Books

© Delhi Public Library
Hit Counter
free hit counter